000 00357nam a2200157Ia 4500
003 Ost
005 20260225132554.0
008 260225s9999||||xx |||||||||||||| ||und||
040 _cfsic
041 _afre
082 _a440
100 _ajean -louis querr
_eAuteur
245 0 _al'alternance au pouvoir /
245 0 _cjean -louis querr
942 _cكتاب
999 _c34334
_d34334